000 01014nam a2200253 i 4500
001 bg
245 0 0 _aUżytkowanie gruntów, powierzchnia zasiewów i pogłowie zwierząt gospodarskich :
_bwojewództwo zachodniopomorskie /
_c[zespół pod kier. Alfredy Gibowskiej] ; Urząd Statystyczny w Szczecinie.
260 _aSzczecin :
_bUS,
_c2003.
300 _a148 s. :
_bwykr. ;
_c30 cm.
490 1 _aNarodowy Spis Powszechny Ludności i Mieszkań, Powszechny Spis Rolny 2002
650 9 _aRolnictwo
_zPolska
_ystan na 2003 r.
651 9 _aZachodniopomorskie, województwo
_xrolnictwo
_zstan na 2003 r.
655 _aDane statystyczne
700 1 _aGIBOWSKA, Alfreda.
_eRed.
710 0 _aUrząd Statystyczny (Szczecin)
830 _aNarodowy Spis Powszechny Ludności i Mieszkań, Powszechny Spis Rolny 2002
020 _a8388718207
040 _cBPK
041 0 _apol
080 _a63:338.43](438)"1989/..."(083.41)
920 _a83-88718-20-7
942 _cKS
008 s pl f |000 0 pol
999 _c35433
_d35433
856 _uhttp://koha.tu.koszalin.pl/cgi-bin/koha/opac-detail.pl?biblionumber=35433
_yKatalog online BPK